| 000 | 00452nam a2200205Ia 4500 | ||
|---|---|---|---|
| 001 | 13721 | ||
| 003 | GE_BSU | ||
| 008 | 181216s||||||||xx |||||||||||||| ||und|| | ||
| 020 | _a0755321685 | ||
| 040 | _cGE_BSU | ||
| 080 | _a821.111-3 | ||
| 100 | _aChallis, Sarah | ||
| 245 | _aFootprints in the Sand | ||
| 260 | _aLondon | ||
| 260 | _bHeadline review | ||
| 260 | _c2006 | ||
| 300 | _a343p.24cm. | ||
| 653 | _aFootprints in the Sand | ||
| 942 | _cBK | ||
| 999 |
_c46869 _d46869 |
||